Magyar Szinészeti [!Színészeti] Kiállitás [!Kiállítás] a városligeti műcsarnokban
Elmentve itt :
| Dokumentumtípus: | Könyv |
|---|---|
| Megjelent: |
1890
|
| Kulcsszavak: | Színházművészet - magyar - 19. sz. - kiállítási katalógus |
| Online Access: | http://misc.bibl.u-szeged.hu/24807 |
| LEADER | 00554nam a2200145 i 4500 | ||
|---|---|---|---|
| 001 | misc24807 | ||
| 005 | 20191207094416.0 | ||
| 008 | 170928s1890 hu o 0|| zxx d | ||
| 040 | |a SZTE Miscellanea Repozitórium |b hun | ||
| 041 | |a zxx | ||
| 245 | 0 | 0 | |a Magyar Szinészeti [!Színészeti] Kiállitás [!Kiállítás] a városligeti műcsarnokban |h [elektronikus dokumentum] |
| 260 | |c 1890 | ||
| 300 | |a 48 | ||
| 695 | |a Színházművészet - magyar - 19. sz. - kiállítási katalógus | ||
| 856 | 4 | 0 | |u http://misc.bibl.u-szeged.hu/24807/1/012_022_001-048.pdf |z Dokumentum-elérés |